Bài giảng ngữ âm ( Dành cho sinh viên chuyên ngữ Pháp Văn - Năm thứ 1 )

Сохранить в:
Библиографические подробности
Главный автор: Nguyễn, Thị Ngọc Phượng
Формат:
Язык:Undetermined
Опубликовано: Cần Thơ Trường Đại học Cần Thơ 2000
Предметы:
Метки: Добавить метку
Нет меток, Требуется 1-ая метка записи!
Thư viện lưu trữ: Trung tâm Học liệu Trường Đại học Cần Thơ
LEADER 00656nam a2200205Ia 4500
001 CTU_43775
008 210402s9999 xx 000 0 und d
082 |a 441.58 
082 |b Ph561 
100 |a Nguyễn, Thị Ngọc Phượng 
245 0 |a Bài giảng ngữ âm 
245 0 |b ( Dành cho sinh viên chuyên ngữ Pháp Văn - Năm thứ 1 ) 
245 0 |c Nguyễn Thị Ngọc Phượng 
260 |a Cần Thơ 
260 |b Trường Đại học Cần Thơ 
260 |c 2000 
650 |a French language 
650 |x Phonetics 
904 |i Minh 
980 |a Trung tâm Học liệu Trường Đại học Cần Thơ